Minecraft Flowers Quiz - Statistics

General Stats
  • This quiz has been taken 307 times
  • The average score is 4 of 9
Answer Stats
Dye Answer % Correct
Red Poppy
82%
Yellow Dandelion
77%
Red,Pink, Light Gray, Orange Tulip
73%
Blue Cornflower
51%
White Lily of the Valley
43%
Light Gray Oxeye Daisy
35%
Light Blue Blue Orchid
33%
Magenta Allium
24%
Light Gray Azure Bluet
24%
No matching quizzes found
Score Distribution
Percent of People with Each Score
Percentile by Number Answered
Your Score History
You have not taken this quiz